| 000 | 00581nam a2200169 i 4500 | ||
|---|---|---|---|
| 001 | 93279 | ||
| 003 | ES-MaACL | ||
| 005 | 20230906181149.0 | ||
| 007 | t| | ||
| 008 | 050506s1967 pr ||||1| spa d | ||
| 080 | _a821.134.2(729.5)-14"19" | ||
| 100 | 1 |
_aRosa-Nieves, Cesáreo. _999617 |
|
| 245 | 1 | 3 |
_aLa emoción divertida _b: poemas para niños / _cCesáreo Rosa-Nieves. |
| 260 |
_a[San Juan, Puerto Rico] : _bDepartamento de Instrucción Pública, Estado Libre Asociado de Puerto Rico, _c1967. |
||
| 300 |
_a34 p. : _bil. ; _c24 cm. |
||
| 852 |
_aES-MaACL _j2188-F-13 _bR.135917 |
||
| 999 |
_c93279 _d93279 |
||